[Event "IND-ch (Women) 47th"]
[Site "Bhubaneswar"]
[Date "2022.02.25"]
[Round "2"]
[White "Isha, Sharma"]
[Black "Jayashree, PK."]
[Result "1-0"]
[WhiteElo "2253"]
[BlackElo "1864"]
[PlyCount "113"]
[EventDate "2022.02.25"]
[EventType "swiss"]
[EventRounds "9"]
[EventCountry "IND"]
[SourceTitle "CBM 207 Extra"]
[Source "ChessBase"]
[SourceDate "2022.05.31"]
[SourceVersion "1"]
[SourceVersionDate "2022.05.31"]
[SourceQuality "1"]

1. e4 c5 2. Nf3 d6 3. d4 cxd4 4. Nxd4 Nf6 5. Nc3 g6 6. Be3 Bg7 7. f3 Nbd7 8. Qd2 h5 9. 0-0-0 a6 10. Bc4 b5 11. Bb3 Bb7 12. Kb1 0-0 13. Bh6 Nc5 14. Qg5 Nxb3 15. Bxg7 Kxg7 16. axb3 e6 17. Nce2 Rc8 18. Nf4 Qe8 19. Ndxe6+ fxe6 20. Rxd6 Rc6 21. Nxe6+ Qxe6 22. Rxe6 Rxe6 23. Rd1 Rfe8 24. Qc5 Kh6 25. Rd6 Bc8 26. Rxe6 Bxe6 27. Qe3+ Kg7 28. Qa7+ Bd7 29. Qxa6 Kf7 30. Qd6 Re6 31. Qf4 Ke7 32. c4 bxc4 33. bxc4 Rc6 34. b3 Be6 35. h3 Nd7 36. g4 hxg4 37. hxg4 Nc5 38. Kc2 Kd7 39. Qf6 Rb6 40. Qd4+ Kc6 41. e5 Nxb3 42. Qd6+ Kb7 43. Qe7+ Ka6 44. Kc3 Na5 45. c5 Rc6 46. Kb4 Bc8 47. Qe8 Bb7 48. Qd8 Nb3 49. Qd3+ Ka7 50. Qxb3 Rc7 51. Qe6 Kb8 52. Qe8+ Rc8 53. Qf7 Rc7 54. e6 Bc6 55. e7 Rc8 56. Qxg6 Re8 57. Qxc6 1-0

[Event "IND-chB (Women) 34th"]
[Site "Hyderabad"]
[Date "2007.05.21"]
[Round "?"]
[White "Jayashree, PK."]
[Black "Preethi, Rajkumar"]
[Result "1/2-1/2"]
[WhiteElo "1968"]
[BlackElo "2115"]
[PlyCount "60"]
[EventDate "2007.05.21"]
[EventType "swiss"]
[EventRounds "11"]
[EventCountry "IND"]
[SourceTitle "EXT 2010"]
[Source "ChessBase"]
[SourceDate "2010.11.25"]
[SourceVersion "1"]
[SourceVersionDate "2010.11.25"]
[SourceQuality "1"]

1. Nf3 c5 2. c4 g6 3. g3 Bg7 4. Bg2 Nf6 5. Nc3 0-0 6. 0-0 d5 7. cxd5 Nxd5 8. d4 Nxc3 9. bxc3 Qa5 10. Qc2 Nc6 11. Bb2 Rd8 12. Rfd1 cxd4 13. cxd4 Bg4 14. Bc3 Qa3 15. Bb2 Qa6 16. e3 Rac8 17. Qd3 Qa4 18. Qb3 Qa5 19. Rdc1 Be6 20. Qxb7 Rc7 21. Bc3 Rxb7 22. Bxa5 Nxa5 23. Ng5 Rb5 24. Nxe6 fxe6 25. Rc7 Bf6 26. Rxa7 Nc4 27. Bf1 Ra5 28. Rc7 Nd2 29. Bg2 Ra4 30. Rc2 Nb3 1/2-1/2

[Event "IND-chB (Women) 34th"]
[Site "Hyderabad"]
[Date "2007.05.21"]
[Round "?"]
[White "Rajadharshini, M."]
[Black "Jayashree, PK."]
[Result "1-0"]
[WhiteElo "2086"]
[BlackElo "1968"]
[PlyCount "117"]
[EventDate "2007.05.21"]
[EventType "swiss"]
[EventRounds "11"]
[EventCountry "IND"]
[SourceTitle "EXT 2010"]
[Source "ChessBase"]
[SourceDate "2010.11.25"]
[SourceVersion "1"]
[SourceVersionDate "2010.11.25"]
[SourceQuality "1"]

1. c4 e5 2. Nc3 Nf6 3. Nf3 Nc6 4. g3 d5 5. cxd5 Nxd5 6. Bg2 Be6 7. 0-0 Be7 8. d4 exd4 9. Nxd4 Nxd4 10. Qxd4 Nxc3 11. Qxc3 Bf6 12. Qb4 Qe7 13. Qxb7 0-0 14. Qa6 Bc8 15. Qa5 Rb8 16. Qxa7 Rb6 17. Be3 Ra6 18. Qb8 c6 19. Qb3 Qe5 20. a4 Qxb2 21. Qxb2 Bxb2 22. Ra2 Be5 23. Rc1 Be6 24. Rac2 Rxa4 25. Bxc6 Ra1 26. Kg2 Rxc1 27. Rxc1 Rc8 28. Bb7 Rxc1 29. Bxc1 f5 30. f3 Kf7 31. e4 fxe4 32. Bxe4 g6 33. g4 h5 34. gxh5 gxh5 35. f4 Bd6 36. f5 Bc4 37. Bg5 Be7 38. h4 Ke8 39. Bf3 Bf7 40. Bc6+ Kf8 41. Kf3 Bd6 42. Bf4 Bxf4 43. Kxf4 Kg7 44. Kg5 Bg8 45. f6+ Kh7 46. Be4+ Kh8 47. Kxh5 Bf7+ 48. Kg5 Be6 49. h5 Bf7 50. h6 Be6 51. Kf4 Bf7 52. Ke5 Bh5 53. Ke6 Bf7+ 54. Ke7 Bg8 55. Bf5 Bf7 56. Bd7 Bg8 57. Be8 Bh7 58. f7 Bg8 59. f8Q 1-0

[Event "Chennai WinTV op 1st"]
[Site "Chennai"]
[Date "2004.01.27"]
[Round "7"]
[White "Jayashree, PK."]
[Black "Dinesh, Kumar G"]
[Result "1/2-1/2"]
[WhiteElo "2042"]
[BlackElo "2191"]
[PlyCount "80"]
[EventDate "2004.01.21"]
[EventType "swiss"]
[EventRounds "13"]
[EventCountry "IND"]
[SourceTitle "CBM 098 Extra"]
[Source "ChessBase"]
[SourceDate "2004.03.10"]
[SourceVersion "2"]
[SourceVersionDate "2004.03.10"]
[SourceQuality "1"]

1. e4 e6 2. d4 d5 3. Nc3 Nf6 4. Bg5 dxe4 5. Nxe4 Be7 6. Bxf6 gxf6 7. Nf3 a6 8. Bd3 b5 9. Qe2 Bb7 10. c3 Nd7 11. b4 Nb6 12. Nc5 Bxc5 13. bxc5 Bxf3 14. Qxf3 Nd5 15. Be4 c6 16. Bxd5 Qxd5 17. Qxd5 cxd5 18. f4 Kd7 19. Kf2 Rhb8 20. a3 Kc6 21. Rhe1 Re8 22. Re3 a5 23. Rh3 Rh8 24. Rh6 f5 25. Rb1 Rab8 26. Rh3 h5 27. Re3 h4 28. Rh3 Rbg8 29. Rg1 Rg4 30. Rf3 Rhg8 31. g3 h3 32. Re3 Rb8 33. Rb1 Rgg8 34. Re2 Rb7 35. Kf3 Rgb8 36. Reb2 Re8 37. Re2 Ra8 38. Reb2 Rg8 39. Kf2 Ra8 40. Kf3 Rab8 1/2-1/2